第2回マリオカートにじさんじ杯の二つ名からライバー名を当てよう - Statistics

General Stats
  • This quiz has been taken 34 times
  • The average score is 36 of 67
Answer Stats
二つ名 ライバー名 % Correct
音速の皇女 リゼ・ヘルエスタ
100%
負け知らずの名探偵 シェリン・バーガンディ
94%
「配信しろ」(配信しろ) ギルザレンIII世
94%
No.1ホストレーサー 不破湊
88%
音速の錬金術師 アンジュ・カトリーナ
88%
英雄 エクス・アルビオ
88%
孤高のエルフ美少女 スノー・ホワイト・パラダイス・エルサント・フロウ・ワスレナ・ピュア・プリンセス・リーブル・ラブ・ハイデルン・ドコドコ・ヤッタゼ・ヴァルキュリア・パッション・アールヴ・ノエル・チャコボシ・エルアリア・フロージア・メイドイン・ブルーム・エル
88%
(後輩にパパと呼ばせる男)にじさんじの司会王 夢追翔
82%
サーキットに舞う桜吹雪 桜凛月
82%
百合厨犬しば公 黒井しば
82%
疾風の烏天狗 山神カルタ
76%
かしこい使い魔 魔使マオ
76%
最強の農家 舞元啓介
76%
サーキットのマジシャン 夜見れな
76%
走の名を冠する者 早瀬走
76%
スク水ドランカー えま★おうがすと
76%
悪戯好きな陰キャサキュバス 魔界ノりりむ
76%
ナイトタイムの女王様 白雪巴
76%
サイコ&ピース 伏見ガク
71%
開かれた異界の扉 でびでび・でびる
71%
熱唱レヴィアタン レヴィ・エリファ
71%
天翔ける龍の巫女 天宮こころ
71%
フィジカルモンスターアイドル 相羽ういは
71%
若女将は中学生 小野町春香
71%
最速の飲酒運転 竜胆尊
65%
センシティブクイーン 愛園愛美
65%
甘噛みの狂犬 葛葉
65%
マイペースな冒険家 ラトナ・プティ
65%
不眠不休の通勤レーサー 社築
65%
アキくんすき 鈴谷アキ
65%
漆黒の捕食者(ダークネスイーター) 鈴木勝
59%
燃え上がる司会魂 グウェル・オス・ガール
59%
レッド・ホット・ショタコン 三枝明那
59%
麗しき花の妖精 エリー・コニファー
59%
咲き誇る大輪の花 本間ひまわり
53%
Future Driver 夕陽リリ
53%
巨神 アルス・アルマル
53%
にじさんじのしくじり先生 郡道美玲
53%
なまいきチワワ 雪城眞尋
47%
天下無双の運ゲーマー 椎名唯華
47%
にじさんじの幼女戦記 勇気ちひろ
41%
高温注意、高速注意 ドーラ
41%
伝説の始まり 月ノ美兎
41%
ダイヤモンドダンディ ベルモンド・バンデラス
41%
ライトニングゲイボルグ
41%
MapleDancer 樋口楓
35%
第72代横綱 笹木咲
35%
最強の負けヒロイン 森中花咲
35%
孤高のフィクサー 剣持刀也
29%
ジャイアントキリングAI 出雲霞
29%
ポンコツの向こう側 葉加瀬冬雪
29%
にじさんじの裏プロデューサー 飛鳥ひな
29%
迷いと勝利の導き手 シスター・クレア
24%
私はガンダムで行くっ! フミ
24%
僕のこと好き? 春崎エアル
24%
日陰のエンペラー 卯月コウ
24%
暴走天然素材 葉山舞鈴
24%
11歳 童田明治
24%
禁断を喰らう魔物 鈴鹿詩子
18%
勝利の鐘を鳴らす者 成瀬鳴
18%
声帯トランスフォーマー 遠北千南
18%
デバフの魔術師 鷹宮リオン
18%
ポイズンスクリーム 家長むぎ
18%
勝利を見据える鋭き眼光 神田笑一
18%
イキリ超新星 星川サラ
18%
Welcome to Wonderland 物述有栖
18%
ミリオンスリーパー 瀬戸美夜子
6%
No matching quizzes found
Score Distribution
Percent of People with Each Score
Percentile by Number Answered
Your Score History
You have not taken this quiz